<?xml version="1.0" encoding="UTF-8"?><?xml-stylesheet type="text/xsl" href="static/style.xsl"?><OAI-PMH xmlns="http://www.openarchives.org/OAI/2.0/" xmlns:xsi="http://www.w3.org/2001/XMLSchema-instance" xsi:schemaLocation="http://www.openarchives.org/OAI/2.0/ http://www.openarchives.org/OAI/2.0/OAI-PMH.xsd"><responseDate>2026-04-27T07:05:59Z</responseDate><request verb="GetRecord" identifier="oai:uvadoc.uva.es:10324/61833" metadataPrefix="marc">https://uvadoc.uva.es/oai/request</request><GetRecord><record><header><identifier>oai:uvadoc.uva.es:10324/61833</identifier><datestamp>2024-12-04T09:29:17Z</datestamp><setSpec>com_10324_29292</setSpec><setSpec>com_10324_29291</setSpec><setSpec>col_10324_29293</setSpec></header><metadata><record xmlns="http://www.loc.gov/MARC21/slim" xmlns:doc="http://www.lyncode.com/xoai" xmlns:xsi="http://www.w3.org/2001/XMLSchema-instance" xmlns:dcterms="http://purl.org/dc/terms/" xsi:schemaLocation="http://www.loc.gov/MARC21/slim http://www.loc.gov/standards/marcxml/schema/MARC21slim.xsd">
<leader>00925njm 22002777a 4500</leader>
<datafield tag="042" ind1=" " ind2=" ">
<subfield code="a">dc</subfield>
</datafield>
<datafield tag="720" ind1=" " ind2=" ">
<subfield code="a">Luis Román, Daniel Antonio de</subfield>
<subfield code="e">author</subfield>
</datafield>
<datafield tag="260" ind1=" " ind2=" ">
<subfield code="c">2022</subfield>
</datafield>
<datafield tag="520" ind1=" " ind2=" ">
<subfield code="a">En esta publicación “Dietas y alimentos para mi salud” se revisan diferentes dietas en situaciones que todos podemos tener en nuestra vida cotidiana. Nos adentramos en dietas para controlar diferentes factores de riesgo cardiovascular, como la hipertensión, hipercolesterolemia, diabetes mellitus y obesidad. Revisamos también las recomendaciones dietéticas para personas que tengan enfermedades del corazón y del pulmón (fibrosis quística, insuficiencia cardiaca, etc.). A continuación, revisamos dietas relacionadas con patologías del tubo digestivo (enfermedad inflamatoria intestinal, diarrea, estreñimiento, etc.), así como de sus órganos asociados, como el páncreas e hígado (pancreatitis, hígado graso, etc.), y las dietas necesarias para situaciones con alteraciones de la deglución, sin olvidarnos de las dietas que son necesarias realizar tras una cirugía de cualquiera de estos órganos.&#xd;
&#xd;
Continuamos con recomendaciones dietéticas que deben seguir los pacientes con enfermedad renal crónica, y todo el grupo de dietas relacionadas con alteraciones de los minerales, recorriendo ejemplos de dietas en situaciones de alergia o intolerancia (proteínas de leche de vaca, fructosa, lactosa, anisakis, etc) y finalizando con recomendaciones dietéticas para personas vegetarianas.</subfield>
</datafield>
<datafield tag="024" ind2=" " ind1="8">
<subfield code="a">Luis Román, Daniel Antonio de; coautores, Ángeles Castro Lozano ... [et al.]. Dietas y alimentos para mi salud. Ediciones Universidad de Valladolid, 2022</subfield>
</datafield>
<datafield tag="024" ind2=" " ind1="8">
<subfield code="a">978-84-1320-203-7</subfield>
</datafield>
<datafield tag="024" ind2=" " ind1="8">
<subfield code="a">https://uvadoc.uva.es/handle/10324/61833</subfield>
</datafield>
<datafield ind1=" " ind2=" " tag="653">
<subfield code="a">Regímenes alimentarios</subfield>
</datafield>
<datafield ind1=" " ind2=" " tag="653">
<subfield code="a">Nutrición</subfield>
</datafield>
<datafield ind1=" " ind2=" " tag="653">
<subfield code="a">Salud</subfield>
</datafield>
<datafield tag="245" ind1="0" ind2="0">
<subfield code="a">Dietas y alimentos para mi salud</subfield>
</datafield>
</record></metadata></record></GetRecord></OAI-PMH>